Catálogo
 En Linea

Memorias del XIII Congreso Panamericano de Farmacia ; Bioquimica y XVI Congreso Centroamericano y el Caribe de Ciencias Farmaceuticas = (Registro nro. 26990)

Detalles MARC
000 -CABECERA
campo de control de longitud fija 01338nam a2200253 a 4500
001 - NÚMERO DE CONTROL
campo de control 000027498
005 - FECHA Y HORA DE LA ÚLTIMA TRANSACCIÓN
campo de control 20200930030858.0
008 - DATOS DE LONGITUD FIJA--INFORMACIÓN GENERAL
campo de control de longitud fija 110401s1990 dr b 000 0 spa d
040 ## - FUENTE DE LA CATALOGACIÓN
Centro catalogador/agencia de origen DO-SdBNP
Lengua de catalogación spa
Centro/agencia transcriptor BNPHU
041 17 - CÓDIGO DE LENGUA
Código de lengua del texto/banda sonora o título independiente spa
Código de lengua del sumario o resumen eng
082 ## - NÚMERO DE LA CLASIFICACIÓN DECIMAL DEWEY
Número de clasificación 615.1
Número de documento/Ítem C749m
111 2# - ENTRADA PRINCIPAL--NOMBRE DE CONGRESO/REUNIÓN
Nombre de congreso/reunión o jurisdicción como elemento de entrada Congreso Panamericano de Farmacia y Bioquimica
Número del congreso/reunión o número de parte o sección (13avo
Fecha del congreso/reunión 1988, nov. 27-dic. 3
Sede del congreso/Lugar de la reunión Santo Domingo)
9 (RLIN) 54582
245 10 - MENCIÓN DE TÍTULO
Título Memorias del XIII Congreso Panamericano de Farmacia ; Bioquimica y XVI Congreso Centroamericano y el Caribe de Ciencias Farmaceuticas =
Resto del título Proceedings of the XIII Pan-American Congress of Pharmacy and Biochemistry and XVI Centralamerican and the Caribbean Congress of Pharmaceutical Science.
246 11 - FORMA VARIANTE DE TÍTULO
Título propio/Titulo breve Congreso Centroamericano y el Caribe de Ciencias Farmaceuticas
246 11 - FORMA VARIANTE DE TÍTULO
Título propio/Titulo breve XIII Pan-American Congress of Pharmacy and Biochemistry
246 11 - FORMA VARIANTE DE TÍTULO
Título propio/Titulo breve XVI Centralamerican and the Caribbean Congress of Pharmaceutical Sciences
260 ## - PUBLICACIÓN, DISTRIBUCIÓN, ETC.
Lugar de publicación, distribución, etc. Santo Domingo :
Nombre del editor, distribuidor, etc. Asociación Farmaceutica Dominicana,
Fecha de publicación, distribución, etc. 1990.
300 ## - DESCRIPCIÓN FÍSICA
Extensión 207 p. :
Otras características físicas retrs. ;
Dimensiones 28 cm.
590 ## - NOTA LOCAL (RLIN)
Nota local Inventariado, 2018/LP
650 #4 - PUNTO DE ACCESO ADICIONAL DE MATERIA--TÉRMINO DE MATERIA
Término de materia o nombre geográfico como elemento de entrada Farmacia
Subdivisión general Congresos, conferencias , etc.
9 (RLIN) 54583
650 #4 - PUNTO DE ACCESO ADICIONAL DE MATERIA--TÉRMINO DE MATERIA
Término de materia o nombre geográfico como elemento de entrada Industria farmaceutica
Subdivisión general Congresos, conferencias, etc.
9 (RLIN) 53025
650 #4 - PUNTO DE ACCESO ADICIONAL DE MATERIA--TÉRMINO DE MATERIA
Término de materia o nombre geográfico como elemento de entrada Industria farmaceutica
Subdivisión general Congresos, conferencias, etc.
9 (RLIN) 53025
910 ## - DATOS DE OPCIÓN DEL USUARIO (OCLC)
Datos de opción del usuario Validado. Control de calidad MFF
Existencias
Estado de retiro Estado de pérdida Restricciones de uso No para préstamo Localización permanente Ubicación/localización actual Ubicación en estantería Fecha de adquisición Número de inventario Total de préstamos Signatura topográfica completa Código de barras Fecha visto por última vez Precio válido a partir de Tipo de ítem Koha
      Excluido de préstamo Patrimonio Dominicano Patrimonio Dominicano Depósito 13.04.2011 LF1   615.1 C749m 27498-10 25.06.2020 25.06.2020 No se presta

Con tecnología Koha